Optimal pricing and investment in electricity supply; an essay in applied welfare economics (Record no. 484995)

MARC details
000 -LEADER
fixed length control field 00647nam a2200193Ia 4500
008 - FIXED-LENGTH DATA ELEMENTS--GENERAL INFORMATION
fixed length control field 210417s9999 xx 000 0 und d
020 ## - INTERNATIONAL STANDARD BOOK NUMBER
International Standard Book Number 9781138501157
-- 1138501158
082 ## - DEWEY DECIMAL CLASSIFICATION NUMBER
Classification number 338.43 TUV
Item number 22.338.43 TUV
245 #0 - TITLE STATEMENT
Title Optimal pricing and investment in electricity supply; an essay in applied welfare economics
Statement of responsibility, etc. Optimal pricing and investment in electricity supply an essay in applied welfare economics
250 ## - EDITION STATEMENT
Remainder of edition statement "xi, 124 p. : ill. ; 23 cm., hbk."
260 ## - PUBLICATION, DISTRIBUTION, ETC.
Place of publication, distribution, etc. London
Name of publisher, distributor, etc. Routledge Taylor and francis group
Date of publication, distribution, etc. 2018
700 ## - ADDED ENTRY--PERSONAL NAME
Personal name "Turvey, Ralph "
Numeration Ralph Turvey
Holdings
Withdrawn status Lost status Damaged status Not for loan Home library Current library Shelving location Date acquired Total Checkouts Barcode Date last seen Price effective from Koha item type
        Anna Centenary Library Anna Centenary Library 4TH FLOOR, A WING 17.04.2021   604848 17.04.2021 17.04.2021 Books

Find us on the map